Vybavenie senzorickej miestnosti
Na minha lista:
| Autor principal: | |
|---|---|
| Outros Autores: | |
| Formato: | Manuscrito Livro |
| Idioma: | eslovaco |
| Publicado em: |
Bratislava
2020
|
| Assuntos: | |
| Acesso em linha: | http://is.stuba.sk/zp/portal_zp.pl?podrobnosti=139081 |
| Tags: |
Sem tags, seja o primeiro a adicionar uma tag!
|
MARC
| LEADER | 00000ntm a22000003a 4500 | ||
|---|---|---|---|
| 001 | stuzp80125 | ||
| 003 | SK-STU | ||
| 005 | 20200811113325.6 | ||
| 007 | ta | ||
| 008 | 150427s2015----xo-----f-mn---000-0-slo-d | ||
| 040 | |a STU |b slo | ||
| 041 | 0 | |a slo | |
| 100 | 1 | |a Kittner, Karin |u 059190 |4 aut |U FAD Fakulta architektúry |T FA Ústav dizajnu |X 88133 |U A9190 |Y 400 |7 88133 | |
| 242 | 0 | 1 | |a Sensory Room Equipment |y eng |
| 245 | 1 | 0 | |a Vybavenie senzorickej miestnosti |
| 260 | |c 2020 |a Bratislava | ||
| 650 | 4 | |a centrum včasnej intervencie |2 slo | |
| 650 | 4 | |a modulárny prvok |2 slo | |
| 650 | 4 | |a zrakové znevýhodnenie |2 slo | |
| 650 | 4 | |a senzorická miestnosť |2 slo | |
| 650 | 4 | |a variabilita |2 slo | |
| 650 | 4 | |a variability |2 eng | |
| 650 | 4 | |a sensory room |2 eng | |
| 650 | 4 | |a modular element |2 eng | |
| 650 | 4 | |a early intervention center |2 eng | |
| 650 | 4 | |a visual impairment |2 eng | |
| 700 | 1 | |a Lipková, Michala |u 059190 |k Z1 |4 ths |U FAD Fakulta architektúry |T FA Ústav dizajnu |X 15371 |U A9190 |Y 400 |7 A000015371 | |
| 856 | 4 | |u http://is.stuba.sk/zp/portal_zp.pl?podrobnosti=139081 |u https://opac.crzp.sk/?fn=detailBiblioForm&sid=2C8AB4190B6536A9D081137B1CEB | |